| 000 | 00654nam a22002057a 4500 | ||
|---|---|---|---|
| 005 | 20250103125534.0 | ||
| 010 | _aENG-143190 | ||
| 020 |
_c695.00 _a9788179063002 |
||
| 035 | _aEN-126722 | ||
| 037 | _bDBAD | ||
| 082 | _a158.1 | ||
| 100 |
_aTiwari, Gaytri _975809 |
||
| 245 |
_aDimensions of Personality/ _cBy Gaytri Tiwari |
||
| 260 |
_aUdaipur _bHimanshu Publications _c2012 |
||
| 260 |
_aNew Delhi _bHimanshu Publications _c2012 |
||
| 270 |
_bUdaipur _e313002 _a464, Sector 11, Hiren Magri, |
||
| 270 |
_bNew Delhi _a4379/4-B, Prakash House, Ansari Road, Daryaganj, |
||
| 300 |
_a148p. _c22cm(Hb) |
||
| 942 |
_2ddc _cEN _h158.1 _mTIW |
||
| 999 |
_c208012 _d208012 |
||